All 1M Cities Starting with “M” to Country - Statistics

General Stats
  • This quiz has been taken 220 times
  • The average score is 47 of 55
Answer Stats
City Country % Correct
Manchester United Kingdom
100%
Madrid Spain
99%
Melbourne* Australia / United States
98%
Marseille France
98%
Milan Italy
98%
Miami United States
98%
Minneapolis United States
98%
Mexico City Mexico
97%
Manila Philippines
97%
Milwaukee United States
97%
Montreal Canada
96%
Moscow Russia
96%
Memphis United States
96%
Munich Germany
95%
Mumbai India
95%
Minsk Belarus
94%
Mecca Saudi Arabia
94%
Mexicali Mexico
93%
Montevideo Uruguay
93%
Managua Nicaragua
92%
Mianyang China
91%
Marrakesh Morocco
91%
Mogadishu Somalia
91%
Málaga Spain
91%
Monterrey Mexico
90%
Maoming China
89%
Medellín Colombia
89%
Mannheim Germany
89%
Muscat Oman
88%
Medina Saudi Arabia
88%
Manama Bahrain
87%
Monrovia Liberia
85%
Maputo Mozambique
85%
Manaus Brazil
84%
Mosul Iraq
84%
Mombasa Kenya
84%
McAllen United States
84%
Madurai India
82%
Morādābād India
80%
Mashhad Iran
78%
Mandalay Myanmar
77%
Ma'anshan China
76%
Maceió Brazil
75%
Maracaibo Venezuela
75%
Mendoza Argentina
74%
Mérida Mexico
74%
Mysore India
73%
Malang Indonesia
72%
Medan Indonesia
68%
Makassar Indonesia
63%
Meerut India
62%
Mbuji-Mayi Democratic Republic of the Congo
61%
Multan Pakistan
57%
Maracay Venezuela
50%
Maiduguri Nigeria
44%
No matching quizzes found
Score Distribution
Percent of People with Each Score
Percentile by Number Answered
Your Score History
You have not taken this quiz